书目信息 |
| 题名: |
中国民间外交发展报告
|
|
| 作者: | 吴建民 , 于洪君 主编 ;共识网 著 | |
| 分册: | 2016 | |
| 出版信息: | 北京 中央编译出版社 2016 |
|
| 页数: | 327页 | |
| 开本: | 24cm | |
| 丛书名: | ||
| 单 册: | ||
| 中图分类: | D820 | |
| 科图分类: | ||
| 主题词: | 人民外交--ren min wai jiao--研究报告--中国--2016 | |
| 电子资源: | ||
| ISBN: | 978-7-5117-2988-0 | |
| 000 | 01154nam0 22002651 450 | |
| 001 | 0120081950 | |
| 005 | 20170320081950.0 | |
| 010 | @a978-7-5117-2988-0@dCNY68.00 | |
| 100 | @a20160606d2016 em y0chiy50 ea | |
| 101 | 0 | @achi |
| 102 | @aCN@b110000 | |
| 105 | @ay z 000yy | |
| 106 | @ar | |
| 200 | 1 | @a中国民间外交发展报告@9zhong guo min jian wai jiao fa zhan bao gao@h2016@dThe report of the Chinese civil diplomacy@h2016@f吴建民,于洪君主编@g共识网民间外交报告课题组成员著@zeng |
| 210 | @a北京@c中央编译出版社@d2016 | |
| 215 | @a327页@d24cm | |
| 330 | @a本书主要内容包括:中国对美国民间外交:夯实中美新型大国关系的社会基础;中国对东南亚民间外交:亲仁善邻 纾危解困;中国对非洲民间外交:传统友好 润物无声;中国对中亚民间外交:从贸易相通走向民心相通等。 | |
| 510 | 1 | @aReport of the Chinese civil diplomacy@h2016@zeng |
| 606 | 0 | @a人民外交@9ren min wai jiao@x研究报告@y中国@z2016 |
| 690 | @aD820@v5 | |
| 701 | 0 | @a吴建民@9wu jian min@f(1939~2016)@4主编 |
| 701 | 0 | @a于洪君@9yu hong jun@f(1954~)@4主编、 |
| 712 | 02 | @a共识网@9gong shi wang@b民间外交报告课题组成员@4著 |
| 801 | 0 | @aCN@bTANGWEI@c20170308 |
| 905 | @b0954822-4@dD820@e154@f3 | |
| 中国民间外交发展报告.2016=The report of the Chinese civil diplomacy.2016/吴建民,于洪君主编/共识网民间外交报告课题组成员著.-北京:中央编译出版社,2016 |
| 327页;24cm |
| ISBN 978-7-5117-2988-0:CNY68.00 |
| 本书主要内容包括:中国对美国民间外交:夯实中美新型大国关系的社会基础;中国对东南亚民间外交:亲仁善邻 纾危解困;中国对非洲民间外交:传统友好 润物无声;中国对中亚民间外交:从贸易相通走向民心相通等。 |
| ● |
| 相关链接 |
|
|
|
|
正题名:中国民间外交发展报告
索取号:D820/154
 
预约/预借
| 序号 | 登录号 | 条形码 | 馆藏地/架位号 | 状态 | 备注 |
| 1 | 0954822 | 209548220 | 第一样本阅览室/ [索取号:D820/154] | 在馆 | |
| 2 | 0954823 | 209548239 | 第一借阅区/ [索取号:D820/154] | 在馆 | |
| 3 | 0954824 | 209548248 | 第一借阅区/ [索取号:D820/154] | 在馆 |